000 01288pam a2200361 a 4500
008 020812s2003 nyua j 000 0 eng
010 _a 2002012746
020 _a0060526777
020 _a0060526785 (lib. bdg.)
040 _aDLC
_cDLC
_dKyLxBWI
_dICrlF
042 _alcac
050 0 0 _aGT5390
_b.C33 2003
082 0 0 _a646.7
_222
100 1 _aCabot, Meg.
_948909
245 1 0 _aPrincess lessons /
_cMeg Cabot ; illustrated by Chesley McLaren.
250 _a1st ed.
260 _aNew York :
_bHarperCollins,
_cc2003.
300 _axii, 126 p. :
_bill. (some col.) ;
_c19 cm.
500 _a"A Princess diaries book"--Cover.
520 _aPrincess Mia from "The Princess Diaries" offers advice on inner and outer beauty, character development, etiquette, and dating.
521 2 _aYoung Adult
_bFollett Library Resources
650 0 _aPrincesses
_vJuvenile literature.
_95709814
650 0 _aGirls
_vLife skills guides
_vJuvenile literature.
_96391477
650 0 _aGirls
_xConduct of life
_vJuvenile literature.
_95730642
650 1 _aConduct of life.
_96291263
650 7 _aConduct of life.
_2sears
_96291263
700 1 _aMcLaren, Chesley,
_eill.
_948243
035 _a(IMchF)fol08701011
005 20241220143611.0
001 57675
003 DCL
942 _cUNKNOWN
_09
999 _c136998
_d136998